Advanced physical education & sport (Record no. 65082)
[ view plain ]
| 000 -LEADER | |
|---|---|
| fixed length control field | 00477nam a22001697a 4500 |
| 003 - CONTROL NUMBER IDENTIFIER | |
| control field | NUST - PNEC |
| 005 - DATE AND TIME OF LATEST TRANSACTION | |
| control field | 20170116180905.0 |
| 008 - FIXED-LENGTH DATA ELEMENTS--GENERAL INFORMATION | |
| fixed length control field | 150902b xxu||||| |||| 00| 0 eng d |
| 020 ## - INTERNATIONAL STANDARD BOOK NUMBER | |
| International Standard Book Number | 0748753044 |
| 040 ## - CATALOGING SOURCE | |
| Transcribing agency | LIBRARY |
| 082 ## - DEWEY DECIMAL CLASSIFICATION NUMBER | |
| Classification number | 613.7 HON |
| 100 ## - MAIN ENTRY--PERSONAL NAME | |
| 9 (RLIN) | 6618 |
| Personal name | Honeybourne, John |
| 245 ## - TITLE STATEMENT | |
| Title | Advanced physical education & sport |
| Statement of responsibility, etc. | John Honeybourne |
| 250 ## - EDITION STATEMENT | |
| Edition statement | 2nd ed. |
| 650 ## - SUBJECT ADDED ENTRY--TOPICAL TERM | |
| 9 (RLIN) | 6623 |
| Topical term or geographic name entry element | Physical education and training--Study and teaching |
| General subdivision | General |
| 942 ## - ADDED ENTRY ELEMENTS (KOHA) | |
| Source of classification or shelving scheme | |
| Koha item type | Book |
| Withdrawn status | Lost status | Source of classification or shelving scheme | Damaged status | Not for loan | Permanent Location | Current Location | Shelving location | Date acquired | Total Checkouts | Full call number | Barcode | Date last seen | Price effective from | Koha item type |
|---|---|---|---|---|---|---|---|---|---|---|---|---|---|---|
| Pakistan Navy Engineering College (PNEC) | Pakistan Navy Engineering College (PNEC) | 613.7 HON | PNEClIB-028476 | 09/02/2015 | Book |
